Wird geladen...
Solid Waste Pollution
| 1. Verfasser: | |
|---|---|
| Format: | Printed Book |
| Sprache: | English |
| Veröffentlicht: |
New Delhi
Akashdeep Publishing House
1992
|
| LEADER | 00564nam a22001697a 4500 | ||
|---|---|---|---|
| 008 | 150826b xxu||||| |||| 00| 0 eng d | ||
| 020 | |a 8171582583 | ||
| 082 | |a 344.046 TRI'92 | ||
| 100 | |a Trivedi, P R | ||
| 245 | |a Solid Waste Pollution | ||
| 260 | |a New Delhi |b Akashdeep Publishing House |c 1992 | ||
| 300 | |a 332 | ||
| 500 | |a Include Index | ||
| 650 | |2 Solid Waste Pollution | ||
| 942 | |2 ddc |c REF | ||
| 999 | |c 8536 |d 8536 | ||
| 952 | |0 0 |1 0 |2 ddc |4 0 |6 344_046000000000000_TRI92 |7 1 |8 REF |9 11502 |a NUALS |b NUALS |c REF |d 2015-08-26 |l 0 |o 344.046 TRI'92 |p 11020 |r 2015-08-26 |w 2015-08-26 |y REF | ||